| 000 | 00624nmm a2200241 a 4500 | ||
|---|---|---|---|
| 003 | AR-BaBNM | ||
| 005 | 20251128202825.0 | ||
| 008 | 206019s1973 ||||||||||||||000 | spa|| | ||
| 040 | _cAR-BaBNM | ||
| 100 | 1 | _aLancelotti, Mario A. | |
| 245 | 1 | 0 | _aTeorĂa del cuento |
| 260 |
_aBuenos Aires _bEdiciones Culturales Argentinas _c1973 |
||
| 300 | 0 | _a150 p. | |
| 600 | 1 | 4 | _aPoe, Edgar Allan |
| 600 | 1 | 4 |
_aHawthorne, Nathaniel _d1804-1864 |
| 650 | 4 | _aANALISIS LITERARIO | |
| 650 | 4 | _aROMANTICISMO | |
| 650 | 4 | _aLITERATURA CONTEMPORANEA | |
| 653 | 0 | _aNATURALISMO | |
| 655 | _aLITERATURA | ||
| 942 | _cBK | ||
| 998 | _cisola | ||
| 999 |
_c746 _d746 |
||